Financial Management: (Record no. 183622)

MARC details
000 -LEADER
fixed length control field 00691nam a22002057a 4500
005 - DATE AND TIME OF LATEST TRANSACTION
control field 20211230103905.0
010 ## - LCCN (DPL NO)
LC control number ENG-130769
020 ## - INTERNATIONAL STANDARD BOOK NUMBER
International Standard Book Number 978-93-89811-33-9
Terms of availability 875.00
035 ## - SYSTEM CONTROL NUMBER
System control number EN-114301
037 ## - SOURCE OF ACQUISITION
Source of stock number/acquisition DBAD
082 ## - DEWEY DECIMAL CLASSIFICATION NUMBER
Classification number 658.15
100 ## - MAIN ENTRY--PERSONAL NAME
Personal name Tulsian, PC
245 ## - TITLE STATEMENT
Title Financial Management:
Statement of responsibility, etc PC Tulsian, Bharat Tulsian, Tushar Tulsian
Remainder of title For CA INermediate (New Syllabus)/
260 ## - PUBLICATION, DISTRIBUTION, ETC. (IMPRINT)
Place of publication, distribution, etc Chennai
Name of publisher, distributor, etc McGraw Hill Education Private Limited
Date of publication, distribution, etc 2017
270 ## - ADDRESS
Address 444/1, Sri Ekambara Naicker Industrial Estate, Alapakkam, Porur
City Chennai
Postal code 600116
300 ## - PHYSICAL DESCRIPTION
Extent 960p
Dimensions 28cm(pbk)
700 ## - ADDED ENTRY--PERSONAL NAME
Personal name Tulsian, Bharat
700 ## - ADDED ENTRY--PERSONAL NAME
Personal name Tulsian, Tushar
942 ## - ADDED ENTRY ELEMENTS (KOHA)
Source of classification or shelving scheme Dewey Decimal Classification
Item type English Books
Classification part 658.15
Call number suffix TUL
Holdings
Withdrawn status Lost status Not for loan Collection code Home library Current library Date acquired Source of acquisition Cost, normal purchase price Full call number Barcode Copy number Cost, replacement price Koha item type
      Non-fiction Sarojini Nagar Sarojini Nagar 30/12/2021 DBAD/PUB 875.00 658.15 TUL EN-114301 1 875.00 English Books

© Delhi Public Library
Hit Counter
free hit counter